|
|
|
|
| LEADER |
01481nam a2200277 a 4500 |
| 008 |
100926s2005 bg a b 001 0 eng |
| 020 |
|
|
|a 9843228367
|
| 040 |
|
|
|a DB-DhAAL
|c DB-DhAAL
|
| 082 |
0 |
0 |
|a 510
|2 22
|
| 100 |
1 |
|
|a Chowdury, Fatema
|
| 245 |
1 |
0 |
|a Essentials of number theory /
|c Fatema Chowdury, Munibur Rahman Chowdhury
|
| 250 |
|
|
|a 1st ed.
|
| 260 |
|
|
|a Dhaka :
|b Pi Publications,
|c 2005.
|
| 300 |
|
|
|a iv, 224 p. :
|b ill. ;
|c 24 cm.
|
| 504 |
|
|
|a Includes bibliographical references and index.
|
| 541 |
1 |
|
|e 00021043
|
| 650 |
|
0 |
|a Algebra.
|
| 650 |
|
0 |
|a Number theory.
|
| 700 |
1 |
|
|a Chowdhury, Munibur Rahman
|
| 852 |
4 |
|
|a Ayesha Abed Library
|j General Shelf.
|
| 999 |
|
|
|c 9557
|d 9557
|
| 952 |
|
|
|0 0
|1 0
|2 ddc
|4 0
|6 510_CHO_200500000000000
|7 0
|9 12109
|a BRACUL
|b BRACUL
|c GEN
|d 2010-09-26
|l 0
|o 510 CHO
|p 3010021043
|r 2010-09-26
|t 1
|w 2010-09-26
|y BK
|
| 952 |
|
|
|0 0
|1 0
|2 ddc
|4 0
|6 510_CHO_200500000000000
|7 0
|9 12110
|a BRACUL
|b BRACUL
|c GEN
|d 2010-09-26
|l 1
|m 13
|o 510 CHO
|p 3010021044
|r 2025-06-21
|s 2025-04-20
|t 2
|w 2010-09-26
|y BK
|
| 952 |
|
|
|0 0
|1 0
|2 ddc
|4 0
|6 510_CHO_200500000000000
|7 0
|9 12111
|a BRACUL
|b BRACUL
|c GEN
|d 2010-09-26
|l 1
|m 2
|o 510 CHO
|p 3010021045
|r 2025-05-26
|s 2025-05-04
|t 3
|w 2010-09-26
|y BK
|
| 952 |
|
|
|0 0
|1 0
|2 ddc
|4 0
|6 510_CHO_200500000000000
|7 0
|9 12112
|a BRACUL
|b BRACUL
|c GEN
|d 2010-09-26
|l 0
|o 510 CHO
|p 3010021046
|r 2010-09-26
|t 4
|w 2010-09-26
|y BK
|
| 952 |
|
|
|0 0
|1 0
|2 ddc
|4 0
|6 510_CHO_200500000000000
|7 0
|9 12113
|a BRACUL
|b BRACUL
|c GEN
|d 2010-09-26
|l 3
|m 12
|o 510 CHO
|p 3010021047
|r 2026-05-19
|s 2026-04-13
|t 5
|w 2010-09-26
|y BK
|